Rulers of Japan - Statistics

General Stats
  • This quiz has been taken 15 times
  • The average score is 21 of 127
Answer Stats
Hint Emperor Name % Correct
1926-1989 Shōwa
100%
1867-1912 Meiji
92%
2019- Reiwa
75%
1912-1926 Taishō
75%
1989-2019 Heisei
58%
806-809 Heizei
58%
660-585 BC Jimmu
58%
1846-1867 Kōmei
33%
313-399 Nintoku
33%
1180-1185 Antoku
25%
897-930 Daigo
25%
1318-1339 Go-Daigo
25%
1242-1246 Go-Saga
25%
1068-1073 Go-Sanjō
25%
1155-1158 Go-Shirakawa
25%
1185-1198 Go-Toba
25%
809-823 Saga
25%
1011-1016 Sanjō
25%
1073-1087 Shirakawa
25%
764-770 Shōtoku
25%
593-628 Suiko
25%
1107-1123 Toba
25%
549-511 BC Annei
17%
969-984 En'yū
17%
1287-1298 Fushimi
17%
707-715 Genmei
17%
1298-1301 Go-Fushimi
17%
1221-1232 Go-Horikawa
17%
1383-1392 Go-Kameyama
17%
1392-1412 Go-Komatsu
17%
1339-1368 Go-Murakami
17%
1526-1557 Go-Nara
17%
1301-1308 Go-Nijō
17%
1045-1068 Go-Reizei
17%
1654-1663 Go-Sai
17%
1762-1771 Go-Sakuramachi
17%
1036-1045 Go-Suzaku
17%
1464-1500 Go-Tsuchimikado
17%
1274-1287 Go-Uda
17%
1586-1611 Go-Yōzei
17%
1087-1107 Horikawa
17%
201-269 Jingū
17%
629-641 Jomei
17%
1260-1274 Kameyama
17%
781-806 Kanmu
17%
392-291 BC Kōan
17%
642-645 Kōgyoku
17%
749-758 Kōken
17%
645-654 Kōtoku
17%
1629-1643 Meishō
17%
946-967 Murakami
17%
1709-1735 Nakamikado
17%
1158-1165 Nijō
17%
488-498 Ninken
17%
1817-1846 Ninkō
17%
1557-1586 Ōgimachi
17%
967-969 Reizei
17%
1165-1168 Rokujō
17%
1735-1747 Sakuramachi
17%
29 BC- AD 70 Suinin
17%
930-946 Suzaku
17%
662-672 Tenji
17%
1198-1210 Tsuchimikado
17%
887-897 Uda
17%
876-884 Yōzei
17%
534-535 Ankan
8%
453-456 Ankō
8%
572-585 Bidatsu
8%
499-506 Buretsu
8%
1368-1383 Chōkei
8%
192-200 Chūai
8%
1221 Chūkyō
8%
715-724 Genshō
8%
1246-1260 Go-Fukakusa
8%
1428-1464 Go-Hanazono
8%
1016-1036 Go-Ichijō
8%
1500-1526 Go-Kashiwabara
8%
1643-1654 Go-Kōmyō
8%
1611-1629 Go-Mizunoo
8%
1771-1779 Go-Momozono
8%
1308-1318 Hanazono
8%
406-410 Hanzei
8%
1687-1709 Higashiyama
8%
986-1011 Ichijō
8%
411-453 Ingyō
8%
510-477 BC Itoku
8%
687-697 Jitō
8%
823-833 Junna
8%
758-764 Junnin
8%
1210-1221 Juntoku
8%
157-98 BC Kaika
8%
984-986 Kazan
8%
71-130 Keikō
8%
507-531 Keitai
8%
485-487 Kenzō
8%
540-571 Kinmei
8%
672 Kōbun
8%
214-158 BC Kōgen
8%
1779-1817 Kōkaku
8%
884-887 Kōkō
8%
770-781 Kōnin
8%
1142-1155 Konoe
8%
290-215 BC Kōrei
8%
475-393 BC Kōshō
8%
1747-1762 Momozono
8%
697-707 Monmu
8%
850-858 Montoku
8%
833-850 Ninmyō
8%
270-310 Ōjin
8%
1663-1687 Reigen
8%
400-405 Richū
8%
655-661 Saimei
8%
131-190 Seimu
8%
480-484 Seinei
8%
858-876 Seiwa
8%
536-539 Senka
8%
1232-1242 Shijō
8%
1412-1428 Shōkō
8%
724-749 Shōmu
8%
581-549 BC Suizei
8%
97-30 BC Sujin
8%
588-592 Sushun
8%
1123-1142 Sutoku
8%
1168-1180 Takakura
8%
673-686 Tenmu
8%
586-587 Yōmei
8%
456-479 Yūryaku
8%
No matching quizzes found
Score Distribution
Percent of People with Each Score
Percentile by Number Answered
Your Score History
You have not taken this quiz